| 000 | 01425nam a2200289 4500 | ||
|---|---|---|---|
| 003 | CO-CtgCURN | ||
| 005 | 20250329165446.0 | ||
| 008 | 160531s2006 000 0 eng d | ||
| 040 |
_aCO-CtgCURN _bspa _ccoctgcurn |
||
| 082 | 0 |
_aINS 2006 _bB268 |
|
| 100 | 1 | _aBarragan Guerrero, Nelly Maria. | |
| 245 | 1 | 0 |
_aDiseño e implementación de herramienta de software para el calculo de viabilidad de un enlace microondas / _cNelly Maria Barragan Guerrero, Joselin Mariel Tovar Santamaria ; director, Josue Rivera. |
| 260 |
_aCartagena de Indias : _bCorporacion Universitaria Rafael Nuñez, _c2006. |
||
| 300 |
_a67 hojas : _bgraficas, il. |
||
| 336 | _2rdacontent | ||
| 337 |
_2rdamedia _asin mediacion _bn |
||
| 338 |
_2rdacarrier _avolumen _bnc |
||
| 502 | _aTrabajo de grado (Ingeniero de Sistemas). Corporacion Universitaria Rafael Nuñez. Programa de Ingenieria de Sistemas, 2006. | ||
| 504 | _aIncluye bibliografia. | ||
| 590 | _aIngenieria de Sistemas | ||
| 650 | 0 |
_aIngenieria de Sistemas _vTesis y disertaciones academicas. |
|
| 700 | 1 | _aTovar Santamaria, Joselin Mariel. | |
| 700 | 1 |
_aRivera, Josue, _edirector. |
|
| 856 | 7 |
_zClick aqui para ver el recurso en texto completo _uhttps://unicurn.sharepoint.com/:b:/s/biblioteca/EWY27bIjFcdNkPZYv0txtwwBf3zBpFxKO1hC0iFGmfGEVg?e=v2aCxZ |
|
| 942 |
_hINS 2006 _iB268 _2ddc _cTG |
||
| 999 |
_c4702 _d4702 |
||